Impact of COVID-19 on Households‘ Sentiment and Expectations: Evidence From US

Guardado en:
Detalles Bibliográficos
Autor principal: Boór, Matej, 1988-
Otros Autores: Petrenko, Yuliya, 1985-
Formato: Capítulo de libro
Lenguaje:inglés
Materias:
Etiquetas: Agregar Etiqueta
Sin Etiquetas, Sea el primero en etiquetar este registro!

MARC

LEADER 00000naa$a2200000$$$4500
001 0305759
005 20250108084628.6
041 0 |a eng 
044 |a SK 
245 1 0 |a Impact of COVID-19 on Households‘ Sentiment and Expectations: Evidence From US  |c Matej Boór, Yuliya Petrenko 
500 |a abstrakt 
610 2 0 |a domácnosti 
610 2 0 |a koronavírus 
610 2 0 |a USA 
100 1 |a Boór, Matej, 1988- 
700 1 |a Petrenko, Yuliya, 1985-